| 000 | 00959nam a2200289Ia 4500 | ||
|---|---|---|---|
| 005 | 20220316235246.0 | ||
| 008 | 121119s1996 ve a gr 000 m spa | ||
| 020 | _a9802571660 | ||
| 041 | 0 | _aspa | |
| 245 | 0 | 0 |
_aMambrú se fue a la guerra _cilustrado por Gloria Calderón |
| 250 | _aPrimera edición | ||
| 264 | 1 |
_aCaracas _bEdiciones Ekare _c1996 |
|
| 300 |
_a28 páginas _bilustraciones _c22 cm. |
||
| 336 |
_atexto _btxt _2rdacontent |
||
| 337 |
_asin mediación _bn _2rdamedia |
||
| 338 |
_avolumen _bnc _2rdacarrier |
||
| 490 | 0 | _aColección clave de sol. Canciones tradicionales para cantar y contar | |
| 650 | 1 | 4 |
_2LEMB _aRondas infantiles |
| 650 | 1 | 4 |
_2LEMB _aCanciones infantiles |
| 650 | 1 | 4 |
_2LEMB _aPoesía infantil |
| 650 | 1 | 4 |
_2LEMB _aJuegos de palabras |
| 650 | 1 | 4 |
_2LEMB _aLibros ilustrados para niños |
| 700 | 1 |
_aCalderón, Gloria _eilustrador _9116986 |
|
| 942 |
_2loc _cBKLIT |
||
| 040 |
_aCO-BoRNBP _bspa _erda _cCO-BoRNBP |
||
| 084 | _aP MAM1 | ||
| 999 |
_c403 _d403 |
||